Progress and poverty : An inquiry into the cause of industrial depressions and of increase of want with increase of wealth

Αποθηκεύτηκε σε:
Λεπτομέρειες βιβλιογραφικής εγγραφής
Κύριος συγγραφέας: George, Henry
Μορφή: Βιβλίο
Γλώσσα:Undetermined
Έκδοση: New York The Classics Club 1948
Θέματα:
Ετικέτες: Προσθήκη ετικέτας
Δεν υπάρχουν, Καταχωρήστε ετικέτα πρώτοι!
Thư viện lưu trữ: Trung tâm Học liệu Trường Đại học Cần Thơ
LEADER 00556nam a2200181Ia 4500
001 CTU_78776
008 210402s9999 xx 000 0 und d
082 |a 330 
082 |b G347 
100 |a George, Henry 
245 0 |a Progress and poverty : 
245 3 |b An inquiry into the cause of industrial depressions and of increase of want with increase of wealth 
245 0 |c Henry George 
260 |a New York 
260 |b The Classics Club 
260 |c 1948 
650 |a Economics,Single tax 
980 |a Trung tâm Học liệu Trường Đại học Cần Thơ